[Event "XXIX Miedzynarodowy Festiwal Szachowy CRACOVIA-2018 Grupa B"]
[Site "Krakow, Hotel Galaxy, ul. Gesia 22a"]
[Date "2018.12.27"]
[Round "1.55"]
[White "Szlosarczyk, Hubert"]
[Black "Jajte-pachota, Jerzy"]
[Result "0-1"]
[WhiteElo "1600"]
[BlackElo "1905"]
[PlyCount "110"]
[EventDate "2018.??.??"]

1. d4 c6 2. c4 d5 3. Nf3 Nf6 4. Nc3 e6 5. Bg5 dxc4 6. a4 Be7 7. e3 Nd5 8. Bxe7
Qxe7 9. Bxc4 Qb4 10. Qb3 Qxb3 11. Bxb3 Nd7 12. O-O O-O 13. Rfd1 b6 14. e4 N5f6
15. d5 Nc5 16. Bc2 cxd5 17. exd5 Nxd5 18. Nxd5 exd5 19. Rxd5 Bb7 20. Rd2 Bxf3
21. gxf3 Rfd8 22. Rad1 Ne6 23. Be4 Rxd2 24. Rxd2 Rd8 25. Rxd8+ Nxd8 26. Bd5 Kf8
27. Kf1 Ke7 28. Ke2 Kd6 29. Be4 h6 30. Kd3 Ne6 31. Kc4 g5 32. Bd5 Nc5 33. b3
Nxb3 34. Bxf7 Nd2+ 35. Kb5 Nxf3 36. Ka6 Nxh2 37. Kxa7 Kc5 38. Bh5 Nf1 39. Kb7
Nd2 40. Kc7 Ne4 41. f3 Nf6 42. Bg4 h5 43. Bh3 Nd5+ 44. Kb7 Nf4 45. Bf1 h4 46.
Kc7 h3 47. Bxh3 Nxh3 48. Kd7 Ng1 49. Ke6 Nxf3 50. Kf5 Kb4 51. Kg4 Kxa4 52. Kxf3
b5 53. Kg4 b4 54. Kxg5 b3 55. Kg4 b2 0-1

[Event "XXIX Miedzynarodowy Festiwal Szachowy CRACOVIA-2018 Grupa B"]
[Site "Krakow, Hotel Galaxy, ul. Gesia 22a"]
[Date "2018.12.27"]
[Round "1.56"]
[White "Kawula, Andrzej"]
[Black "Bobrowski, Damian"]
[Result "1-0"]
[WhiteElo "1902"]
[BlackElo "1597"]
[PlyCount "75"]
[EventDate "2018.??.??"]

1. d4 d5 2. c4 e6 3. Nf3 Nf6 4. e3 Be7 5. Nc3 Nbd7 6. Bd3 b6 7. O-O Bb7 8. Re1
Ne4 9. cxd5 Nxc3 10. bxc3 exd5 11. e4 dxe4 12. Bxe4 Bxe4 13. Rxe4 O-O 14. Qe2
Bd6 15. Bg5 f6 16. Qc4+ Kh8 17. Bf4 Bxf4 18. Rxf4 Re8 19. Re1 Rxe1+ 20. Nxe1
Qe7 21. Nc2 Re8 22. Rf3 Qe2 23. Qxe2 Rxe2 24. Re3 Rxe3 25. fxe3 c5 26. Kf2 Kg8
27. e4 Kf7 28. Ke3 Ke7 29. Kf4 Kd6 30. Ne3 g6 31. g4 Nf8 32. d5 Nd7 33. Nc4+
Ke7 34. h4 b5 35. Na5 Kd6 36. g5 fxg5+ 37. hxg5 Nb6 38. Nb7+ 1-0

[Event "XXIX Miedzynarodowy Festiwal Szachowy CRACOVIA-2018 Grupa B"]
[Site "Krakow, Hotel Galaxy, ul. Gesia 22a"]
[Date "2018.12.27"]
[Round "1.57"]
[White "Alothman, Salem"]
[Black "Skurniak, Szymon"]
[Result "0-1"]
[WhiteElo "1593"]
[BlackElo "1895"]
[PlyCount "59"]
[EventDate "2018.??.??"]

1. e4 c5 2. Nf3 d6 3. d4 cxd4 4. Nxd4 Nf6 5. Nc3 Nc6 6. Be2 e5 7. Ndb5 a6 8.
Na3 b5 9. Nd5 Nxe4 10. Bf3 Nc5 11. Nf6+ gxf6 12. Bxc6+ Bd7 13. Bxa8 Qxa8 14.
O-O h5 15. c4 h4 16. f4 h3 17. Qe2 hxg2 18. Rf2 Ne4 19. Rxg2 Bh3 20. cxb5 Bxg2
21. Qxg2 Rh7 22. Qc2 Rg7+ 23. Kf1 Nc5 24. Be3 Qh1+ 25. Ke2 Rg2+ 26. Bf2 Qxa1
27. b6 Qg1 28. Kf3 Qxf2+ 29. Qxf2 Rxf2+ 30. Kxf2 0-1

[Event "XXIX Miedzynarodowy Festiwal Szachowy CRACOVIA-2018 Grupa B"]
[Site "Krakow, Hotel Galaxy, ul. Gesia 22a"]
[Date "2018.12.27"]
[Round "1.59"]
[White "Zielinski, Marcin"]
[Black "Czaplewska, Klara"]
[Result "1/2-1/2"]
[WhiteElo "1576"]
[BlackElo "1890"]
[PlyCount "143"]
[EventDate "2018.??.??"]

1. d4 Nf6 2. c4 e6 3. Nc3 d5 4. Bg5 Be7 5. e3 O-O 6. Nf3 h6 7. Bh4 b6 8. cxd5
exd5 9. Bd3 c5 10. Qc2 Nc6 11. a3 cxd4 12. Nxd4 Nxd4 13. exd4 Nh5 14. Bxe7
Qxe7+ 15. Be2 Nf4 16. O-O Qg5 17. g3 Bf5 18. Qc1 Nxe2+ 19. Nxe2 Qg4 20. f3 Qg6
21. Nf4 Qd6 22. Qd2 Rac8 23. Rac1 Rc4 24. g4 Bd7 25. Ne2 f5 26. h3 Bb5 27. Nc3
Ba6 28. Rfe1 fxg4 29. fxg4 Qg3+ 30. Qg2 Qxg2+ 31. Kxg2 Rxd4 32. Rcd1 Rdf4 33.
Nxd5 Rf2+ 34. Kg1 Rxb2 35. Ne7+ Kh7 36. Nf5 Bc8 37. Nd6 Rb3 38. Rc1 Ba6 39. Rc7
Rxh3 40. Kg2 Rxa3 41. Ree7 Bf1+ 42. Kh2 Rh3+ 43. Kg1 Rg3+ 44. Kh2 Rxg4 45. Ne8
Rf2+ 46. Kh1 Rf3 47. Rxg7+ Rxg7 48. Rxg7+ Kh8 49. Rxa7 b5 50. Rb7 Rf4 51. Kg1
Bd3 52. Rb6 Rh4 53. Nd6 b4 54. Nf7+ Kg7 55. Nxh6 Bg6 56. Ng8 Rg4+ 57. Kf2 Kxg8
58. Kf3 Bf5 59. Rb5 Be6 60. Ke3 b3 61. Kd2 Kf7 62. Kc1 Ke7 63. Kb1 Kd6 64. Rb6+
Kd5 65. Rxb3 Kc4 66. Rf3 Bd5 67. Rh3 Be4+ 68. Kc1 Rg2 69. Kd1 Bd3 70. Ke1 Re2+
71. Kd1 Kc3 72. Rg3 1/2-1/2

[Event "XXIX Miedzynarodowy Festiwal Szachowy CRACOVIA-2018 Grupa B"]
[Site "Krakow, Hotel Galaxy, ul. Gesia 22a"]
[Date "2018.12.27"]
[Round "1.60"]
[White "Szalko, Maciej"]
[Black "Cichon, Jakub"]
[Result "1/2-1/2"]
[WhiteElo "1889"]
[BlackElo "1558"]
[PlyCount "63"]
[EventDate "2018.??.??"]

1. d4 Nf6 2. c4 g6 3. Nf3 Bg7 4. g3 O-O 5. Bg2 d6 6. O-O Nbd7 7. Qc2 Re8 8. Rd1
c6 9. Nc3 d5 10. b3 Nb6 11. Ne5 Bf5 12. e4 dxe4 13. Nxe4 Nbd7 14. Nxd7 Qxd7 15.
Bb2 Rad8 16. Qe2 Nxe4 17. Bxe4 Bg4 18. Bf3 Bxf3 19. Qxf3 Qc7 20. Bc3 e5 21.
dxe5 Bxe5 22. Rxd8 Rxd8 23. Re1 Bxc3 24. Qxc3 Qd6 25. Re3 b6 26. Kg2 c5 27. Qe1
Qc6+ 28. Kg1 Kf8 29. f3 Qd6 30. Qc3 Qd1+ 31. Re1 Qd4+ 32. Qxd4 1/2-1/2

[Event "XXIX Miedzynarodowy Festiwal Szachowy CRACOVIA-2018 Grupa B"]
[Site "Krakow, Hotel Galaxy, ul. Gesia 22a"]
[Date "2018.12.28"]
[Round "2.9"]
[White "Skurniak, Szymon"]
[Black "Nikitin, Aleksander I"]
[Result "1/2-1/2"]
[WhiteElo "1895"]
[BlackElo "2031"]
[PlyCount "95"]
[EventDate "2018.??.??"]

1. e4 Nf6 2. e5 Nd5 3. d4 d6 4. c4 Nb6 5. exd6 cxd6 6. Nc3 g6 7. Be3 Bg7 8. Rc1
O-O 9. b3 e6 10. Nf3 N6d7 11. Be2 f5 12. Bf4 Nf6 13. Qd2 b6 14. O-O Na6 15. Ne1
Bb7 16. Bf3 d5 17. Nb5 Ne4 18. Bxe4 dxe4 19. Bd6 Rf7 20. c5 Bc6 21. a4 Qd7 22.
Qe2 Nb4 23. Qc4 Nd5 24. Nxa7 Qxa7 25. cxb6 Nxb6 26. Qxc6 Rc8 27. Qxc8+ Nxc8 28.
Rxc8+ Bf8 29. Be5 Qb7 30. Rb8 Qc6 31. b4 Qxa4 32. b5 Rd7 33. g4 Kf7 34. Ng2 Qb4
35. b6 Bd6 36. Rh8 Bxe5 37. dxe5 Qxb6 38. Rxh7+ Ke8 39. Rh8+ Ke7 40. Nf4 g5 41.
Ng6+ Kf7 42. Rh7+ Kxg6 43. Rxd7 fxg4 44. Rd6 Qb3 45. Re1 Qc4 46. Rdd1 Kf5 47.
Re3 Kxe5 48. Rde1 1/2-1/2

[Event "XXIX Miedzynarodowy Festiwal Szachowy CRACOVIA-2018 Grupa B"]
[Site "Krakow, Hotel Galaxy, ul. Gesia 22a"]
[Date "2018.12.28"]
[Round "2.10"]
[White "Hrymowicz, Artur"]
[Black "Beraia, Levan"]
[Result "1/2-1/2"]
[WhiteElo "2024"]
[BlackElo "1851"]
[PlyCount "118"]
[EventDate "2018.??.??"]

1. e4 c5 2. Nf3 e6 3. d4 cxd4 4. Nxd4 a6 5. c4 Nf6 6. Nc3 Qc7 7. Be2 Bb4 8. O-O
O-O 9. f3 d6 10. Be3 Nc6 11. Rc1 Nxd4 12. Bxd4 Bc5 13. Kh1 Nd7 14. Qd2 Ne5 15.
Rfd1 Nc6 16. Bg1 Rd8 17. a3 Bxg1 18. Rxg1 Na5 19. Qd1 Bd7 20. b4 Nxc4 21. Bxc4
Qxc4 22. Nd5 Qa2 23. Nb6 Rab8 24. Qd4 Bc6 25. Qc3 d5 26. Rc2 d4 27. Qc5 Qxa3
28. Rcc1 h6 29. Nc4 Qb3 30. Rb1 Qa4 31. Nd6 d3 32. e5 Qc2 33. Qd4 Bb5 34. Rbc1
Qe2 35. Qf4 Rd7 36. Rge1 Qb2 37. Red1 Rbd8 38. Rb1 Qe2 39. Rd2 g5 40. Rxe2 gxf4
41. Rd2 Rc7 42. Kg1 Rc2 43. Rbd1 Rxd2 44. Rxd2 Rd7 45. g3 Rc7 46. Nxb5 axb5 47.
Rxd3 Rc4 48. Rd7 Rxb4 49. Kg2 Kg7 50. Rxb7 Rb2+ 51. Kh3 fxg3 52. hxg3 Kg6 53.
Kg4 b4 54. Kf4 h5 55. Rb8 b3 56. Rg8+ Kh7 57. Rb8 Kg6 58. Rg8+ Kh7 59. Rb8 Kg6
1/2-1/2

[Event "XXIX Miedzynarodowy Festiwal Szachowy CRACOVIA-2018 Grupa B"]
[Site "Krakow, Hotel Galaxy, ul. Gesia 22a"]
[Date "2018.12.28"]
[Round "2.11"]
[White "Zeliantsova, Kseniya"]
[Black "Wiejaczka, Bartlomiej"]
[Result "1-0"]
[WhiteElo "1858"]
[BlackElo "2006"]
[PlyCount "67"]
[EventDate "2018.??.??"]

1. e4 c5 2. Nf3 d6 3. d4 cxd4 4. Nxd4 Nf6 5. Nc3 Nc6 6. Be3 Ng4 7. Bb5 Nxe3 8.
Nxc6 Qd7 9. fxe3 bxc6 10. Bc4 e6 11. O-O Be7 12. Qg4 Bf6 13. Rad1 Be5 14. Rd2
h5 15. Qd1 g6 16. Ne2 c5 17. Nf4 Qc6 18. Qf3 Bb7 19. Nd5 exd5 20. Qxf7+ Kd8 21.
Bxd5 Qd7 22. Bxb7 Rb8 23. Qxd7+ Kxd7 24. Rf7+ Ke8 25. Rdf2 a5 26. b3 c4 27.
Bc6+ Kd8 28. Rd7+ Kc8 29. Rff7 Rb6 30. Ra7 d5 31. Bb7+ Rxb7 32. Raxb7 cxb3 33.
cxb3 dxe4 34. Rb5 1-0

[Event "XXIX Miedzynarodowy Festiwal Szachowy CRACOVIA-2018 Grupa B"]
[Site "Krakow, Hotel Galaxy, ul. Gesia 22a"]
[Date "2018.12.28"]
[Round "2.12"]
[White "Adamczyk, Zuzanna"]
[Black "Kvaratskhelia, Dimitri"]
[Result "0-1"]
[WhiteElo "1842"]
[BlackElo "1996"]
[PlyCount "92"]
[EventDate "2018.??.??"]

1. e4 d6 2. d4 Nf6 3. Nc3 e5 4. Nf3 Nbd7 5. Bc4 Be7 6. O-O O-O 7. h3 c6 8. a4
a5 9. Be3 Qc7 10. Qd2 Rb8 11. Qe2 h6 12. Ba2 exd4 13. Nxd4 Nc5 14. Bf4 Re8 15.
Rfe1 Bf8 16. f3 Ne6 17. Be3 Nxd4 18. Bxd4 Nh7 19. f4 Be6 20. Bxe6 fxe6 21. Be3
e5 22. f5 Qf7 23. Bb6 d5 24. exd5 cxd5 25. Qb5 Nf6 26. Bxa5 Rbc8 27. Bb6 d4 28.
Nd1 Nd5 29. a5 Nxb6 30. axb6 e4 31. Nf2 e3 32. Nd3 Bd6 33. Re2 Rf8 34. Ne5 Bxe5
35. Qxe5 Qc4 36. Qe6+ Qxe6 37. fxe6 Rfe8 38. Ra7 Re7 39. Kf1 Rxe6 40. Rxb7 d3
41. cxd3 Rc1+ 42. Re1 e2+ 43. Kf2 Rf6+ 44. Kxe2 Re6+ 45. Kd2 Rcxe1 46. Rb8+ Re8
0-1

[Event "XXIX Miedzynarodowy Festiwal Szachowy CRACOVIA-2018 Grupa B"]
[Site "Krakow, Hotel Galaxy, ul. Gesia 22a"]
[Date "2018.12.28"]
[Round "2.13"]
[White "Szczecina, Kamil"]
[Black "Czechowski, Jakub"]
[Result "1-0"]
[WhiteElo "1986"]
[BlackElo "1840"]
[PlyCount "53"]
[EventDate "2018.??.??"]

1. e4 c5 2. Nf3 d6 3. d3 Nc6 4. g3 g6 5. Bg2 Bg7 6. O-O e5 7. Ne1 Nge7 8. f4
O-O 9. Nc3 f5 10. Be3 Be6 11. Qd2 Nd4 12. fxe5 dxe5 13. exf5 gxf5 14. Bxb7 Rb8
15. Bg2 Rxb2 16. Na4 Rb5 17. c3 Qa5 18. cxd4 Qxa4 19. dxe5 Bxe5 20. Rc1 Nd5 21.
Bh6 Bd4+ 22. Kh1 f4 23. Bxf8 Kxf8 24. Qe2 Be3 25. Rc4 Qa6 26. Re4 Kg7 27. gxf4
1-0

[Event "XXIX Miedzynarodowy Festiwal Szachowy CRACOVIA-2018 Grupa B"]
[Site "Krakow, Hotel Galaxy, ul. Gesia 22a"]
[Date "2018.12.28"]
[Round "2.15"]
[White "Warchol, Bartosz"]
[Black "Pasti, Anna"]
[Result "1-0"]
[WhiteElo "1975"]
[BlackElo "1832"]
[PlyCount "99"]
[EventDate "2018.??.??"]

1. d4 d5 2. c4 e6 3. Nf3 Nf6 4. g3 dxc4 5. Bg2 Nc6 6. Qa4 Nd5 7. Qxc4 Bb4+ 8.
Bd2 Nb6 9. Qd3 O-O 10. O-O Be7 11. Nc3 Bf6 12. Be3 e5 13. Rfd1 exd4 14. Nxd4
Nxd4 15. Bxd4 Bxd4 16. Qxd4 Qe7 17. Rac1 c6 18. e4 Bg4 19. f3 Rad8 20. Qf2 Be6
21. b3 Qb4 22. Qc2 c5 23. Nd5 Nxd5 24. exd5 Bxd5 25. Qxc5 Qxc5+ 26. Rxc5 Bc6
27. Rcc1 g6 28. f4 Bxg2 29. Kxg2 b6 30. Kf3 a5 31. h4 Rc8 32. Kg4 h5+ 33. Kg5
Kg7 34. f5 gxf5 35. Kxf5 Rxc1 36. Rxc1 Rd8 37. Rc6 Rd5+ 38. Ke4 Rb5 39. Kd4
Rb4+ 40. Kd5 a4 41. Rc4 Rb5+ 42. Kc6 Re5 43. Rxa4 Re6+ 44. Kb5 Rg6 45. b4 Rxg3
46. Kxb6 Rg4 47. Ka5 f5 48. Ra3 Re4 49. b5 Re5 50. Rf3 1-0

[Event "XXIX Miedzynarodowy Festiwal Szachowy CRACOVIA-2018 Grupa B"]
[Site "Krakow, Hotel Galaxy, ul. Gesia 22a"]
[Date "2018.12.28"]
[Round "2.16"]
[White "Dryja, Szymon"]
[Black "Brylski, Pawel"]
[Result "0-1"]
[WhiteElo "1795"]
[BlackElo "1975"]
[PlyCount "88"]
[EventDate "2018.??.??"]

1. e4 g6 2. d4 Bg7 3. Nf3 d6 4. c3 a6 5. a4 b6 6. Bd3 Bb7 7. O-O Nd7 8. Re1 c5
9. e5 dxe5 10. Nbd2 cxd4 11. cxd4 exd4 12. Nc4 Nc5 13. Bf4 Bxf3 14. Qxf3 Nxd3
15. Nd6+ Kf8 16. Nxf7 Nxe1 17. Rxe1 Kxf7 18. Bc7+ Bf6 19. Bxd8 Rxd8 20. g4 Kg7
21. Qg3 d3 22. Rd1 d2 23. Qe3 Bd4 24. Qe2 e5 25. Rxd2 Nf6 26. g5 Nd5 27. h4
Rhf8 28. Qxa6 Rf7 29. Qc4 Rf4 30. Qc6 Rxh4 31. Qe6 Rf4 32. b4 Rf5 33. a5 bxa5
34. bxa5 Rxg5+ 35. Kf1 Rf5 36. Kg1 Rf6 37. Qh3 Nf4 38. Qb3 Kh6 39. Kh1 Rc8 40.
Qa3 Rc3 41. Qe7 Rf5 42. Rd1 Rh5+ 43. Kg1 Rg3+ 44. Kf1 Rh1# 0-1

[Event "XXIX Miedzynarodowy Festiwal Szachowy CRACOVIA-2018 Grupa B"]
[Site "Krakow, Hotel Galaxy, ul. Gesia 22a"]
[Date "2018.12.28"]
[Round "2.17"]
[White "Goraj, Barbara"]
[Black "Zianowicz, Dominik"]
[Result "1/2-1/2"]
[WhiteElo "1786"]
[BlackElo "1969"]
[PlyCount "112"]
[EventDate "2018.??.??"]

1. e4 c6 2. d4 d5 3. e5 Bf5 4. Nf3 e6 5. Be2 c5 6. O-O Nc6 7. c3 Qb6 8. b3 cxd4
9. Nxd4 Nxd4 10. cxd4 Rc8 11. Be3 Nh6 12. Bxh6 gxh6 13. Bd3 Bg6 14. a3 Be7 15.
Ra2 O-O 16. Bxg6 hxg6 17. g3 Rc6 18. h4 Rfc8 19. Qd2 Kg7 20. Rb2 a5 21. Re1 Qc7
22. Re2 b5 23. Qd3 Rc1+ 24. Kg2 Qb6 25. Red2 Re1 26. Rd1 Rxd1 27. Qxd1 Rc6 28.
Kf1 Qc7 29. Ke2 Rc1 30. Qd2 Bd8 31. Kd3 Rf1 32. Rc2 Qb6 33. Rc1 b4 34. a4 Qa6+
35. Kc2 g5 36. Rxf1 Qxf1 37. hxg5 hxg5 38. g4 Qg2 39. Qe2 Bb6 40. Kd3 Qg1 41.
Nd2 Qc1 42. Qe3 Qc3+ 43. Ke2 Qxd4 44. Qxg5+ Kf8 45. f3 Bc7 46. f4 Bb6 47. Qh6+
Ke8 48. Qh8+ Kd7 49. Qf6 Qe3+ 50. Kd1 Qg1+ 51. Kc2 Qxg4 52. Qxf7+ Kc6 53. Qe8+
Kb7 54. Qd7+ Bc7 55. Qb5+ Ka7 56. Qc6 Kb8 1/2-1/2

[Event "XXIX Miedzynarodowy Festiwal Szachowy CRACOVIA-2018 Grupa B"]
[Site "Krakow, Hotel Galaxy, ul. Gesia 22a"]
[Date "2018.12.28"]
[Round "2.18"]
[White "Duda, Lucas"]
[Black "Jablonska, Sabina"]
[Result "0-1"]
[WhiteElo "1784"]
[BlackElo "1964"]
[PlyCount "108"]
[EventDate "2018.??.??"]

1. e4 c5 2. c3 Nf6 3. e5 Nd5 4. d4 cxd4 5. Nf3 e6 6. cxd4 Nc6 7. Nc3 Nxc3 8.
bxc3 d6 9. exd6 Bxd6 10. Bd3 h6 11. O-O O-O 12. Qe2 Re8 13. Qe4 f5 14. Qe2 Qf6
15. Re1 e5 16. Bc4+ Kf8 17. dxe5 Nxe5 18. Nxe5 Rxe5 19. Qd1 Rxe1+ 20. Qxe1 Qh4
21. Bd5 Qxh2+ 22. Kf1 Bd7 23. g3 Bb5+ 24. c4 Bxc4+ 25. Bxc4 Qh1+ 26. Ke2 Qe4+
27. Kf1 Qxc4+ 28. Kg1 Re8 29. Be3 Qe6 30. Rd1 Kg8 31. Qd2 Bxg3 32. Bxa7 Bh4 33.
Bd4 Qe4 34. Be3 Re6 35. Qd5 Qxd5 36. Rxd5 Rf6 37. Bd4 Rf7 38. Bc5 Kh7 39. Kg2
Bg5 40. Kf3 Bc1 41. Bd4 Kg6 42. Rd6+ Kh5 43. Rd5 g5 44. Be5 g4+ 45. Kg3 Bg5 46.
Bf4 Bh4+ 47. Kg2 Kg6 48. Rb5 Bg5 49. Kg3 h5 50. Be5 h4+ 51. Kh2 f4 52. Bb8 Re7
53. Be5 f3 54. a4 Rxe5 0-1

[Event "XXIX Miedzynarodowy Festiwal Szachowy CRACOVIA-2018 Grupa B"]
[Site "Krakow, Hotel Galaxy, ul. Gesia 22a"]
[Date "2018.12.28"]
[Round "2.19"]
[White "Libura, Julianna"]
[Black "Smal, Tobiasz"]
[Result "0-1"]
[WhiteElo "1587"]
[BlackElo "1958"]
[PlyCount "102"]
[EventDate "2018.??.??"]

1. e4 c5 2. Nf3 d6 3. d4 cxd4 4. Nxd4 Nf6 5. Nc3 a6 6. Bg5 e6 7. f4 h6 8. Bh4
Qb6 9. a3 Nc6 10. Bf2 Qc7 11. Qf3 Be7 12. g4 Nxd4 13. Bxd4 e5 14. Bf2 Bxg4 15.
Qg3 g5 16. f5 O-O-O 17. h3 Bh5 18. Bg2 d5 19. exd5 Qc4 20. b3 Qf4 21. Qd3 e4
22. Qc4+ Qc7 23. Bb6 Qxc4 24. bxc4 Rde8 25. Kf2 Bd6 26. Rae1 Re5 27. Nxe4 Nxe4+
28. Rxe4 Rxf5+ 29. Ke3 Bg6 30. Ke2 Rf6 31. Bd4 Bxe4 32. Bxe4 Rf4 33. Bxh8 Rxe4+
34. Kd3 Rh4 35. Bf6 Bxa3 36. c3 Kd7 37. Kc2 Bc5 38. Kd3 b6 39. Bd4 g4 40. Rf1
Rxh3+ 41. Kd2 Rf3 42. Rh1 Bxd4 43. cxd4 g3 44. Ke2 g2 45. Rg1 Rg3 46. c5 bxc5
47. dxc5 a5 48. Kf2 Rg5 49. c6+ Kc7 50. d6+ Kxc6 51. Rc1+ Kxd6 0-1

[Event "XXIX Miedzynarodowy Festiwal Szachowy CRACOVIA-2018 Grupa B"]
[Site "Krakow, Hotel Galaxy, ul. Gesia 22a"]
[Date "2018.12.28"]
[Round "2.20"]
[White "Alhejab, Meshal"]
[Black "Dzida, Kamil"]
[Result "0-1"]
[WhiteElo "1497"]
[BlackElo "1951"]
[PlyCount "58"]
[EventDate "2018.??.??"]

1. e4 c5 2. Nf3 d6 3. d4 cxd4 4. Nxd4 Nf6 5. Nc3 a6 6. Be3 e5 7. Nb3 Be6 8. Nd5
Nbd7 9. Qd3 Bxd5 10. exd5 Rc8 11. O-O-O g6 12. g3 Bg7 13. Bg2 O-O 14. h4 e4 15.
Qd2 Ne5 16. Bh6 Nc4 17. Qf4 Nh5 18. Qxe4 Bxb2+ 19. Kb1 f6 20. Bf4 Re8 21. Qf3
Nxf4 22. gxf4 f5 23. c3 Bxc3 24. Rd3 Na3+ 25. Kc1 Bb4+ 26. Kd1 Nc4 27. Re3
Nxe3+ 28. fxe3 Qc7 29. Qf2 Rxe3 0-1

[Event "XXIX Miedzynarodowy Festiwal Szachowy CRACOVIA-2018 Grupa B"]
[Site "Krakow, Hotel Galaxy, ul. Gesia 22a"]
[Date "2018.12.28"]
[Round "2.21"]
[White "Rysaev, Danial"]
[Black "Leczek, Weronika"]
[Result "1-0"]
[WhiteElo "1945"]
[BlackElo "1771"]
[PlyCount "103"]
[EventDate "2018.??.??"]

1. d4 d5 2. c4 e6 3. Nc3 Nf6 4. cxd5 exd5 5. Bg5 c6 6. e3 Be7 7. Bd3 O-O 8. Qc2
h6 9. Bxf6 Bxf6 10. Nf3 Re8 11. O-O b6 12. Ne2 Bg4 13. b4 Qd6 14. Rab1 Nd7 15.
Rfc1 Rac8 16. Ba6 Rc7 17. Nc3 Bd8 18. Nd2 Qe6 19. Bd3 c5 20. Nb5 c4 21. Bh7+
Kh8 22. Nxc7 Bxc7 23. h3 Bxh3 24. gxh3 g6 25. Kg2 b5 26. a4 a6 27. axb5 axb5
28. Ra1 Qd6 29. Nf3 Kxh7 30. Ra7 Bb6 31. Ra6 Nb8 32. Ra8 Rd8 33. Ne5 Kg7 34.
Rca1 Nd7 35. Rxd8 Bxd8 36. Nxd7 Qxd7 37. e4 Qe7 38. e5 Qxb4 39. Ra7 Be7 40. Rd7
Qb3 41. Qe2 Kf8 42. Qg4 Qd3 43. Rxd5 c3 44. e6 fxe6 45. Qxe6 c2 46. Rxb5 Qa3
47. Qxg6 c1=Q 48. Rf5+ Bf6 49. Rxf6+ Ke7 50. Rf7+ Ke8 51. Qg8+ Qf8 52. Qxf8#
1-0

[Event "XXIX Miedzynarodowy Festiwal Szachowy CRACOVIA-2018 Grupa B"]
[Site "Krakow, Hotel Galaxy, ul. Gesia 22a"]
[Date "2018.12.28"]
[Round "2.22"]
[White "Popescu, Florin"]
[Black "Bartoszewicz, Marcin"]
[Result "1-0"]
[WhiteElo "2099"]
[BlackElo "1853"]
[PlyCount "103"]
[EventDate "2018.??.??"]

1. d4 Nf6 2. Nf3 g6 3. Bf4 Bg7 4. e3 O-O 5. Be2 d6 6. h3 Nbd7 7. O-O b6 8. a4
a5 9. Nbd2 Bb7 10. c3 Nd5 11. Bg5 Bf6 12. Bh6 Bg7 13. Bxg7 Kxg7 14. Ne1 N5f6
15. Bf3 Bxf3 16. Qxf3 e5 17. Qc6 Ra7 18. Nd3 Qa8 19. Qb5 c6 20. Qb3 e4 21. Nf4
d5 22. c4 Rc8 23. Rac1 Rac7 24. Rc3 dxc4 25. Nxc4 Nd5 26. Nd6 N7f6 27. Nxd5
Nxd5 28. Nxc8 Nxc3 29. bxc3 Rxc8 30. Qxb6 c5 31. Rd1 cxd4 32. cxd4 Qd5 33. Qb5
Qxb5 34. axb5 Rb8 35. Rb1 Kf6 36. b6 a4 37. Kh2 Ke6 38. Kg3 Kd6 39. Kf4 f5 40.
Rb4 a3 41. g4 fxg4 42. hxg4 Kd5 43. b7 a2 44. Ra4 Rxb7 45. Ra5+ Kc4 46. Rxa2
Re7 47. Ra5 Kd3 48. d5 Rf7+ 49. Ke5 Rxf2 50. Ra3+ Kc4 51. Kxe4 Rg2 52. Ke5 1-0

[Event "XXIX Miedzynarodowy Festiwal Szachowy CRACOVIA-2018 Grupa B"]
[Site "Krakow, Hotel Galaxy, ul. Gesia 22a"]
[Date "2018.12.28"]
[Round "2.23"]
[White "Kaminski, Maciej"]
[Black "Adamczewski, Maciej"]
[Result "0-1"]
[WhiteElo "1862"]
[BlackElo "2080"]
[PlyCount "52"]
[EventDate "2018.??.??"]

1. d4 Nf6 2. c4 g6 3. Nf3 Bg7 4. Nc3 d6 5. e4 O-O 6. Be2 e5 7. O-O Nc6 8. d5
Ne7 9. Ne1 Nd7 10. Nd3 f5 11. Bd2 Nf6 12. f3 c5 13. dxc6 Nxc6 14. Nd5 fxe4 15.
Nxf6+ Rxf6 16. fxe4 Qb6+ 17. Kh1 Rxf1+ 18. Qxf1 Be6 19. Rc1 Qd4 20. Qf3 Rf8 21.
Qe3 Bxc4 22. Nxe5 Bxe2 23. Qb3+ d5 24. Bc3 Qxe4 25. Nd7 Rf1+ 26. Rxf1 Bxf1 0-1

[Event "XXIX Miedzynarodowy Festiwal Szachowy CRACOVIA-2018 Grupa B"]
[Site "Krakow, Hotel Galaxy, ul. Gesia 22a"]
[Date "2018.12.28"]
[Round "2.24"]
[White "Panek, Bartosz"]
[Black "Jankowiak, Tomasz"]
[Result "0-1"]
[WhiteElo "1871"]
[BlackElo "2070"]
[PlyCount "108"]
[EventDate "2018.??.??"]

1. e4 c5 2. Nf3 d6 3. d4 cxd4 4. Nxd4 Nf6 5. Nc3 a6 6. Bc4 e6 7. Qe2 b5 8. Bb3
Bb7 9. f3 Nc6 10. Be3 Be7 11. O-O-O O-O 12. g4 b4 13. Na4 Nd7 14. Rhg1 Qa5 15.
Qf2 Nxd4 16. Bxd4 Nc5 17. Nxc5 dxc5 18. Be3 Bc6 19. g5 Qb5 20. g6 c4 21. gxh7+
Kh8 22. Qg3 Bf6 23. e5 Bxe5 24. Bxc4 Bxg3 25. Bxb5 Bxf3 26. hxg3 Bxd1 27. Bc6
Rac8 28. Bd7 Bxc2 29. Bxc8 Rxc8 30. Kd2 Bxh7 31. Rc1 Rxc1 32. Kxc1 b3 33. a3
Bc2 34. Kd2 Kh7 35. Kc3 Kg6 36. Kb4 Kf5 37. Ka5 Bd3 38. Kb4 Ke4 39. Bc5 f5 40.
Kxb3 e5 41. Kc3 g5 42. b4 g4 43. Kd2 f4 44. gxf4 exf4 45. a4 g3 46. Bd6 Bc4 47.
Ke1 Kf3 48. Kd2 g2 49. Bc5 Kg3 50. Bg1 f3 51. Ke3 Bd5 52. b5 axb5 53. axb5 Ba8
54. b6 Bb7 0-1

[Event "XXIX Miedzynarodowy Festiwal Szachowy CRACOVIA-2018 Grupa B"]
[Site "Krakow, Hotel Galaxy, ul. Gesia 22a"]
[Date "2018.12.28"]
[Round "2.25"]
[White "Gorkiewicz, Mateusz"]
[Black "Gulie, Cosmin"]
[Result "1/2-1/2"]
[WhiteElo "1838"]
[BlackElo "2055"]
[PlyCount "91"]
[EventDate "2018.??.??"]

1. e4 c5 2. Nf3 g6 3. d4 cxd4 4. Nxd4 Bg7 5. Nc3 Nc6 6. Nde2 Nf6 7. g3 d6 8.
Bg2 Bd7 9. O-O h5 10. h3 Qc8 11. Kh2 h4 12. g4 Ne5 13. Nf4 Bc6 14. Nfd5 Nxd5
15. Nxd5 Bxd5 16. exd5 Qc5 17. c3 Qc4 18. Re1 Qd3 19. Bg5 Qxd1 20. Raxd1 f6 21.
Bf4 Kf7 22. Be4 f5 23. gxf5 gxf5 24. Bg2 Bf6 25. Re2 Rhg8 26. Be3 Rg7 27. f4
Nc4 28. Bf2 Nb6 29. Bf3 Rag8 30. Rde1 Kf8 31. Rc1 Nd7 32. Rce1 b6 33. b4 Ke8
34. Rc1 Kd8 35. a4 Kc7 36. Ra2 Kb7 37. a5 Rc8 38. axb6 axb6 39. Ra3 Rc4 40. Be3
Rg3 41. Be2 Rc7 42. Bd2 Nb8 43. Bb5 Rf3 44. Kg2 Rg3+ 45. Kh2 Rf3 46. Kg2
1/2-1/2

[Event "XXIX Miedzynarodowy Festiwal Szachowy CRACOVIA-2018 Grupa B"]
[Site "Krakow, Hotel Galaxy, ul. Gesia 22a"]
[Date "2018.12.28"]
[Round "2.26"]
[White "Budnik, Mateusz"]
[Black "Furtak, Joanna"]
[Result "1-0"]
[WhiteElo "2053"]
[BlackElo "1888"]
[PlyCount "115"]
[EventDate "2018.??.??"]

1. e4 c5 2. Nf3 e6 3. d4 cxd4 4. Nxd4 Nc6 5. Nc3 Qc7 6. Be3 a6 7. Qd2 Nf6 8. f3
Bb4 9. a3 Be7 10. Be2 b5 11. O-O Bb7 12. Nb3 d6 13. f4 h5 14. f5 Ne5 15. fxe6
fxe6 16. Nd4 Qd7 17. Bd3 Nc4 18. Bxc4 bxc4 19. Qf2 O-O 20. Qe2 Nxe4 21. Nxe4
Bxe4 22. Qxc4 Bd5 23. Qe2 e5 24. Qxh5 Bf7 25. Qf5 Qxf5 26. Nxf5 Rfe8 27. Rf3
Be6 28. Raf1 Rab8 29. b3 d5 30. Nxe7+ Rxe7 31. Bc5 Rf7 32. Rxf7 Bxf7 33. Rf5
Re8 34. c3 Bg6 35. Rf1 Rd8 36. Kf2 d4 37. cxd4 exd4 38. Ke1 d3 39. Kd2 Re8 40.
Re1 Rxe1 41. Kxe1 Be4 42. g3 Kf7 43. Kd2 Ke6 44. Ke3 Kd5 45. Bb4 g6 46. Bc3 Bf5
47. h4 Kc5 48. Kf4 Be6 49. Kg5 Bf7 50. Kf6 Be8 51. g4 Kd5 52. Ke7 Bc6 53. h5
gxh5 54. gxh5 Kc5 55. h6 Be4 56. Kf6 Kb5 57. a4+ Kc5 58. Kg7 1-0

[Event "XXIX Miedzynarodowy Festiwal Szachowy CRACOVIA-2018 Grupa B"]
[Site "Krakow, Hotel Galaxy, ul. Gesia 22a"]
[Date "2018.12.28"]
[Round "2.27"]
[White "Bachor, Tomasz"]
[Black "Widla, Piotr"]
[Result "1-0"]
[WhiteElo "1854"]
[BlackElo "2024"]
[PlyCount "105"]
[EventDate "2018.??.??"]

1. d4 Nf6 2. c4 c5 3. d5 e5 4. Nc3 d6 5. e4 Be7 6. Bd3 O-O 7. Nge2 Re8 8. f3
Nbd7 9. Be3 Nf8 10. Qd2 a6 11. g4 Ng6 12. O-O-O Nh4 13. Rdf1 Ng2 14. h4 Nxe3
15. Qxe3 Bd7 16. Ng3 Rf8 17. g5 Ne8 18. Nf5 b5 19. f4 bxc4 20. Bb1 Rb8 21. Rhg1
Bxf5 22. exf5 f6 23. Rg2 Rb7 24. Rh1 Nc7 25. a4 Rb3 26. Qd2 Qd7 27. Bc2 Rb4 28.
fxe5 dxe5 29. d6 Qxd6 30. Qxd6 Bxd6 31. Rd1 Ne8 32. gxf6 Rxf6 33. Nd5 Kf7 34.
Nxb4 cxb4 35. Rg4 b3 36. Be4 c3 37. bxc3 Ba3+ 38. Kb1 Nd6 39. Bd5+ Kf8 40. Bxb3
Nxf5 41. Rd7 Be7 42. Rc4 g6 43. Rc8+ Kg7 44. Re8 Rb6 45. Ka2 Rxb3 46. Kxb3 Kf7
47. Ra8 Nxh4 48. Rxa6 Nf5 49. a5 h5 50. Rc6 h4 51. a6 h3 52. a7 h2 53. Rd1 1-0